| Tag |
First Indicator |
Second Indicator |
Subfields |
| LEADER |
00000nam a2200000 4500 |
| 001 |
in00004208317 |
| 005 |
20200807080524.0 |
| 006 |
m g d |
| 007 |
cr bn |||a|bb| |
| 008 |
920124s1635 enk o 00| | eng d |
| 035 |
|
|
|a (UnM)99849056
|
| 037 |
|
|
|a CL0036000020
|b ProQuest. 789 E. Eisenhower Parkway, Ann Arbor, MI 48108-3218
|
| 040 |
|
|
|a Cu-RivES
|c Cu-RivES
|d CStRLIN
|e dcrb
|d WaOLN
|
| 245 |
1 |
2 |
|a A helpe to discourse: or, More merriment mixt with serious matters :
|b consisting of witty philosophicall, grammatical, physical, astronomical questions and answers. As also, epigrams, epitaphs, riddles, iests, posies, love-toyes, &c. readded and plentifully disporsed. Together with The countrey-mans counsellour, and his yearely oracle or prognostication, with additions, or a helpe to preserve his health, never before printed.
|
| 246 |
2 |
|
|a More merriment mixt with serious matters.
|
| 246 |
2 |
|
|a Countrey-mans councellor.
|
| 250 |
|
|
|a The eleventh edition.
|
| 260 |
|
|
|a London :
|b Printed by I. B[eale] for Nicholas Vavasour, and are [sic] to be sold at his shop in Inner Temple, neere the church,
|c 1635.
|
| 300 |
|
|
|a 1 online resource ([12], 3210 [2+] pages)
|
| 336 |
|
|
|a text
|b txt
|2 rdacontent
|
| 337 |
|
|
|a computer
|b c
|2 rdamedia
|
| 338 |
|
|
|a online resource
|b cr
|2 rdacarrier
|
| 500 |
|
|
|a Often attributed to William Basse, Edward Phillips or Edward Pond; this attribution, however, is doubtful.
|
| 500 |
|
|
|a Printer's name from STC.
|
| 500 |
|
|
|a K4r is a separate title page, omitting printer's initials and dated 1634, reading: The countrey-mans councellor. Or, A necessary addition to this yeerely oracle, or prognostication. Calculated by art, as a tutor for their helpe, that otherwise buy more then they understand. ..
|
| 500 |
|
|
|a Reproduction of the original in the Cambridge University Library.
|
| 510 |
4 |
|
|a STC (2nd edition)
|c 1552.
|
| 533 |
|
|
|a Electronic reproduction.
|b Ann Arbor, Mich. :
|c UMI,
|d 1999-
|f (Early English books online)
|n Digital version of: (Early English books, 1475-1640 ; 697:03)
|7 s1999 miun s
|
| 650 |
|
0 |
|a Epigrams
|y 17th century.
|
| 700 |
1 |
|
|a Basse, William,
|d d. ca. 1653,
|e attributed name.
|
| 700 |
1 |
|
|a Phillips, Edward,
|d 1630-1696?,
|e attributed name.
|
| 700 |
1 |
|
|a Pond, Edward,
|d d. 1629,
|e attributed name.
|
| 830 |
|
0 |
|a Early English books online.
|
| 856 |
4 |
0 |
|u http://proxy.library.tamu.edu/login?url=https://search.proquest.com/docview/2240860412
|z Connect to the full text of this electronic book
|t 0
|
| 999 |
f |
f |
|s 236714b4-c82a-3c42-a5bb-84e0d62aac34
|i 54457b67-cfcb-30ae-be1f-5b45e1925dc7
|t 0
|
| 952 |
f |
f |
|a Texas A&M University
|b College Station
|c Electronic Resources
|d Available Online
|t 0
|h No information provided
|
| 998 |
f |
f |
|t 0
|l Available Online
|